The 5th and 6th Century - Statistics

General Stats
  • This quiz has been taken 28,658 times
    28,472 since last reset
  • The average score is 16 of 21
Answer Stats
Year Description Answer % Correct
c. 570 Muhammad is born in this city Mecca
95%
500s This board game spreads from India to Persia Chess
91%
522 Byzantine monks steal the secret of making this fabric from the Chinese Silk
90%
c. 450 The city of Teotihuacan, located in this modern-day country, reaches its zenith with a population of about 150,000 Mexico
89%
541–542 This disease, spread by Yersinia pestis bacteria, makes its first appearance, devastating the Byzantine empire Plague
89%
c. 432 This saint arrives in Ireland Saint Patrick
89%
476 This empire comes to an end, marking the beginning of the Middle Ages Western Roman Empire
89%
453 This infamous ruler of the Huns dies Attila
85%
400s Angles, Saxons, and Jutes begin to raid and settle this island Great Britain
83%
508 Clovis makes this city the capital of the Frankish Empire Paris
82%
446 This religion is legally abolished in China, the first of four separate times this would happen Buddhism
81%
537 This famous church (now a mosque) is completed in Constantinople Hagia Sophia
75%
420 This city is founded on a lagoon in the Adriatic Venice
73%
400s–500s Han Chinese people begin to settle the area south of this river Yangtze
73%
578 The Kongō Gumi company is founded in this country. It would remain as an independent business until 2006. Japan
67%
531–579 Khosrow I rules the Sasanian Empire, based in this modern-day country Iran
64%
482 This city is founded on the Dnieper river, at least according to tradition Kyiv
64%
427 This city becomes the capital of the Korean kingdom "Goguryeo" Pyongyang
64%
415 The pagan philosopher Hypatia is murdered in this African city Alexandria
61%
565 This "great" Byzantine emperor dies after a long and eventful reign Justinian
46%
477 This Chinese monastery, famous for its martial arts, is founded Shaolin
39%
No matching quizzes found
Score Distribution
Percent of People with Each Score
Percentile by Number Answered
Your Score History
You have not taken this quiz since the last reset